| 000 | 00778nam a2200193 i 4500 | ||
|---|---|---|---|
| 001 | 114637 | ||
| 003 | ES-MaACL | ||
| 005 | 20251120142807.0 | ||
| 007 | t| | ||
| 008 | 070316s1926 sp ||||1| spa d | ||
| 080 | _a398.9(460)(082.2) | ||
| 245 | 0 | 0 |
_aMás de 21000 refranes castellanos no contenidos en la copiosa colección del maestro Gonzalo Correas / _callególos de la tradición oral y de sus lecturas durante más de medio siglo (1871-1926) Francisco Rodríguez Marín. |
| 260 |
_aMadrid : _b[s.n.], _c1926 ( _fTip. de la "Revista de Archivos") |
||
| 300 |
_a520 p. ; _c25 cm. |
||
| 650 | 4 |
_aRefranes y proverbios- _zEspaña. _916726 |
|
| 700 | 1 |
_aRodríguez Marín, Francisco, _d1855-1943 _998634 |
|
| 852 |
_aES-MaACL _jB-5432 |
||
| 999 |
_c114637 _d114637 |
||